00990nam a2200265 a 450000100060000000300080000600500170001400800410003102000170007203500190008904000270010804100110013508200260014610000220017224501470019425000280034126000600036930000350042950400370046465000330050170000280053494200120056299900170057495201330059169067BD-RjUL20211209081839.0170409m19791972ne a b 001 0 eng d a0444408967 : a(BD-RjUL)69278 aDLCcDLCdBD-RjULbeng1 aengfre a664.122223bHUH 19791 aHugot, E.916583010aHandbook of cane sugar engineering /cE. Hugot. Rev. by the author, with the collaboration of the translator, and translated by G. H. Jenkins. a2nd completely rev. ed. aAmsterdam :bElsevier Pub. Co.,c1972 [Impresion 1979]. axvi, 1079 p. :bill. ;c26 cm. aIncludes bibliography and Index. 0aCane Sugar and syrup9204618 aJenkins, G. H. 9204619 2ddccBK c69067d69067 00102ddc40718NFICaRUCLbRUCLcReadingd2021-12-09eNethelandl0o664.122 HUH 1979r2017-04-09 00:00:00tC-1w2017-04-09yBK